Normal view
MARC view
Entry Corporate Name
001 - CONTROL NUMBER
- control field: 23540
003 - CONTROL NUMBER IDENTIFIER
- control field: ARRUPE
005 - DATE AND TIME OF LATEST TRANSACTION
- control field: 20160405082056.0
008 - FIXED-LENGTH DATA ELEMENTS
- fixed length control field: 160405|| aca||aabn | a|a d
040 ## - CATALOGING SOURCE
- Original cataloging agency: ARRUPE
- Transcribing agency: ARRUPE
110 ## - HEADING--CORPORATE NAME
- Corporate name or jurisdiction name as entry element: East African Community.
- Subordinate unit: Committee on Fast Tracking East African Federation.
670 ## - SOURCE DATA FOUND
- Source citation: Work cat.: (ARRUPE)0: East African Community. Committee on Fast Tracking East African Federation., Report of the Committee on Fast Tracking East African Federation, 26th November, 2004., [2004]